000 00769nam a22002297a 4500
003 UA-OsUOA
001 46425
007 ta
008 20070616b un ||||| |||| 00| 0 ukr d
090 _a343.13(075.8)
_bУ26
942 _cBK
040 _aUA-OsUOA
_brus
_cUA-OsUOA
_dUA-OsUOA
245 _aУголовный процесс Россиии. Особенная часть
_bУчебник
_cПод. ред. В.З. Лукашевича
300 _a704 с.
955 _a2
041 _arus
080 _a343.13(075.8)
020 _a5-9645-0016-1
260 _aСПб.
_bИздательський дом С.-Петербургского ун-та
_c2005
650 7 _a343 Кримінальне право. Карні порушення
_2UDC
999 _c332519
_d332519